Online
Catalog

La invasión : (Record no. 22637)

MARC details
000 -CABECERA
campo de control de longitud fija 00922nam a2200265 a 4500
001 - NÚMERO DE CONTROL
campo de control 000023140
005 - FECHA Y HORA DE LA ÚLTIMA TRANSACCIÓN
campo de control 20200930022020.0
008 - DATOS DE LONGITUD FIJA--INFORMACIÓN GENERAL
campo de control de longitud fija 101129s1994 sp r 000 f spa d
020 ## - NÚMERO INTERNACIONAL ESTÁNDAR DEL LIBRO
Número Internacional Estándar del Libro 8420646369
040 ## - FUENTE DE LA CATALOGACIÓN
Centro catalogador/agencia de origen DO-SdBNP
Lengua de catalogación spa
Centro/agencia transcriptor BNPHU
082 ## - NÚMERO DE LA CLASIFICACIÓN DECIMAL DEWEY
Número de clasificación 892.756925
Número de documento/Ítem M111i
100 1# - ENTRADA PRINCIPAL--NOMBRE DE PERSONA
Nombre de persona Maalouf, Amin,
Títulos y otros términos asociados al nombre 1949-
9 (RLIN) 47646
245 10 - MENCIÓN DE TÍTULO
Título La invasión :
Resto del título (1096-1100) /
Mención de responsabilidad, etc. Amin Maalouf ; traducción de María Teresa Gallego y María Isabel Reverte.
260 ## - PUBLICACIÓN, DISTRIBUCIÓN, ETC.
Lugar de publicación, distribución, etc. Madrid :
Nombre del editor, distribuidor, etc. Alianza Editorial,
-- Grupo Anaya,
Fecha de publicación, distribución, etc. 1994.
300 ## - DESCRIPCIÓN FÍSICA
Extensión 95 p. ;
Dimensiones 15 cm.
490 1# - MENCIÓN DE SERIE
Mención de serie Alianza cien
Designación de volumen o secuencia 36
500 ## - NOTA GENERAL
Nota general Libro de bolsillo
650 #4 - PUNTO DE ACCESO ADICIONAL DE MATERIA--TÉRMINO DE MATERIA
Término de materia o nombre geográfico como elemento de entrada Novela libanesa
9 (RLIN) 47647
650 #4 - PUNTO DE ACCESO ADICIONAL DE MATERIA--TÉRMINO DE MATERIA
Término de materia o nombre geográfico como elemento de entrada Novela árabe
9 (RLIN) 31805
650 #4 - PUNTO DE ACCESO ADICIONAL DE MATERIA--TÉRMINO DE MATERIA
Término de materia o nombre geográfico como elemento de entrada Literatura libanesa
Subdivisión cronológica SIGLO XX
9 (RLIN) 47648
650 #4 - PUNTO DE ACCESO ADICIONAL DE MATERIA--TÉRMINO DE MATERIA
Término de materia o nombre geográfico como elemento de entrada Literatura árabe
Subdivisión cronológica SIGLO XX
9 (RLIN) 47649
700 1# - PUNTO DE ACCESO ADICIONAL--NOMBRE DE PERSONA
Nombre de persona Gallego, María Teresa
Término indicativo de función/relación tr.
9 (RLIN) 13579
700 1# - PUNTO DE ACCESO ADICIONAL--NOMBRE DE PERSONA
Nombre de persona Reverte Cejudo, María Isabel
Término indicativo de función/relación tr.
9 (RLIN) 47650
830 #0 - PUNTO DE ACCESO ADICIONAL DE SERIE-TÍTULO UNIFORME
Título uniforme Alianza cien ;
Número de parte o sección de la obra 36
9 (RLIN) 47651
Holdings
Estado de retiro Estado de pérdida Restricciones de uso No para préstamo Código de colección Localización permanente Ubicación/localización actual Ubicación en estantería Fecha de adquisición Número de inventario Total de préstamos Signatura topográfica completa Código de barras Fecha visto por última vez Precio válido a partir de Tipo de ítem Koha
        Monografías: Libros y Folletos General General En catalogación 29.11.2010 LF1   892.756925 M111i 23140-10 25.06.2020 25.06.2020 Préstamo en sala

Powered by Koha